Statistiques concernant Clubs ayant atteint les phases finales de Top 14.

Cliquez ici pour prendre le quiz!

Statistiques générales

  • Ce quiz a été pris 320 fois
  • Le résultat moyen est 12 sur 13

Statistiques - réponses

BarragesPremier/DernierClubs% Correct
122010 - 2023 Stade toulousain
100%
92010 - 2020 RC Toulon
98%
92010 - 2022 Castres olympique
97%
112010 - 2021 ASM Clermont-Auvergne
97%
142010 - 2023 Racing 92
97%
62017 - 2023 Stade rochelais
97%
32015 - 2023 Stade français Paris
97%
92011 - 2022 Montpellier HR
95%
12011 Biarritz olympique
94%
42018 - 2023 Lyon OU
92%
42020 - 2023 Union Bordeaux-Bègles
91%
12010 USA Perpignan
86%
12015 US Oyonnax
64%

Distribution des résultats

Percentile par nombre de réponses

% des personnes avec chaque résultat

Votre développement - résultats

Vous n’avez pas pris ce quiz